Normal view
MARC view
- Zahid, Murtaza
Entry Personal Name
001 - CONTROL NUMBER
- control field: 17075
003 - CONTROL NUMBER IDENTIFIER
- control field: NUST
005 - DATE AND TIME OF LATEST TRANSACTION
- control field: 20190708105300.0
008 - FIXED-LENGTH DATA ELEMENTS
- fixed length control field: 190708|| aca||aabn | a|a d
040 ## - CATALOGING SOURCE
- Original cataloging agency: NUST
- Transcribing agency: NUST
100 ## - HEADING--PERSONAL NAME
- Personal name: Zahid, Murtaza
670 ## - SOURCE DATA FOUND
- Source citation: Work cat.: (NUST): Zahid, Murtaza, Trnd /, 2005.
